Exploring tropical cyclones : GIS investigations for the Earth sciences

Đã lưu trong:
書目詳細資料
格式: 圖書
語言:Undetermined
出版: Pacific Grove, CA Brooks/Cole 2003
主題:
標簽: 添加標簽
沒有標簽, 成為第一個標記此記錄!
Thư viện lưu trữ: Trung tâm Học liệu Trường Đại học Cần Thơ
LEADER 00590nam a2200193Ia 4500
001 CTU_211569
008 210402s9999 xx 000 0 und d
082 |a 551.55 
082 |b E96 
245 0 |a Exploring tropical cyclones : 
245 0 |b GIS investigations for the Earth sciences 
245 0 |c Michelle K. Hall-Wallace ... [et al.] 
260 |a Pacific Grove, CA 
260 |b Brooks/Cole 
260 |c 2003 
650 |a Geographical information system,Cyclones 
650 |z Tropics 
904 |i Minh (Nguyên sửa) 
980 |a Trung tâm Học liệu Trường Đại học Cần Thơ